| 000 | 00511nam a22001697a 4500 | ||
|---|---|---|---|
| 003 | CEME | ||
| 005 | 20210628205116.0 | ||
| 008 | 210225b xxu||||| |||| 00| 0 eng d | ||
| 040 | _c. | ||
| 082 | _a260 SOF'T | ||
| 100 |
_aS. Raghu Kumar Anita Sarraf R. Sathyavageedwaran _973948 |
||
| 245 | _aFincad fine line analysis and synthesis for milimeter wave applications | ||
| 260 |
_aLONDON _bARTECH HOUSE |
||
| 300 | _a2 DISK 3.5 50P (MANUAL) | ||
| 650 |
_aSOFTWARE NUST ACC NO-30440 _973949 |
||
| 942 |
_cBK _2ddc |
||
| 999 |
_c579552 _d579552 |
||